000 01498nam2a22003251 4500
001 rc\3471097
005 20250610021324.0
021 _aRU
_b[75-91544]
035 _a(NLR Aleph) 007640469
090 _a6120306
_c6120306
100 _a20130115d1975 |||y0rusy50 ca
101 0 _arus
102 _aRU
105 _ay z |||||
200 1 _aФизико-химическая характеристика нефтей СССР
_f[Сост. Дриацкая З.В., Мхчиян М.А., Жмыхова Н.М.]
210 _d1975
_aБ. м.
215 _a87 с.
300 _aИзд. выходит с 1971 г.
320 _aАлф. указ. нефтей: с. 81-87
320 _aСписки лит.: с. 6-7 (30 назв.) и с. 80 (21 назв.)
461 0 _1001rc\3471092
_12001#$aНефти СССР$eСправочник$eВ 4 т.$fРед. З.В. Дриацкая [и др.]. Т. 1-$vДоп. том
_96120257
_cМосква
_d1971-
_fРед. З.В. Дриацкая [и др.]. Т. 1-
_nХимия
_oСправочник : В 4 т.
_tНефти СССР
_vДоп. том
532 1 2 _aФизико-химическая характеристика нефтей Союза Советских Социалистических Республик
702 1 _aМхчиян
_bМ.А.
_4220
702 1 _aДриацкая
_bЗ.В.
_4220
702 1 _aЖмыхова
_bН.М.
_4220
801 0 _aRU
_bNLR
_gpsbo
801 1 _aRU
_bELAR
_2rusmarc
852 _aNLR
_j71-5/3969
942 _cBOOK
980 _aNB